Štúdium zmien lipidov pri konzervovaní potravín netradičnými metódami : (7.7.1988 /
Salvato in:
| Autore principale: | |
|---|---|
| Natura: | Manoscritto Libro |
| Pubblicazione: |
Bratislava :
SVŠT v Bratislave ChtF,
1988
|
| Tags: |
Nessun Tag, puoi essere il primo ad aggiungerne!!
|
MARC
| LEADER | 00000ntm a22000003a 4500 | ||
|---|---|---|---|
| 001 | stu20631 | ||
| 005 | 20150617225749.9 | ||
| 008 | ------s1988----cs----------------------d | ||
| 040 | |a STU |b slo | ||
| 041 | 0 | ||
| 044 | |a cs | ||
| 080 | |a 664.8.03/043.3/ |7 A000003301 | ||
| 100 | 1 | |a Takácsová, Mária |4 aut | |
| 245 | 1 | |a Štúdium zmien lipidov pri konzervovaní potravín netradičnými metódami : |b (7.7.1988 / |c [aut.]Takácsová,Mária | |
| 260 | |a Bratislava : |b SVŠT v Bratislave ChtF, |c 1988 | ||
| 300 | |a 200 s : |b Tab.,grafy,lit | ||
| 996 | |b CKD67 |c C*KD67 |l CCI |s A |a 24 |w stu20631_0001 | ||